[Event "Arvier Spring op"]
[Site "Arvier"]
[Date "2018.04.22"]
[Round "2"]
[White "Ciuffoletti, Paolo"]
[Black "Serrajotto, Marino"]
[Result "1-0"]
[WhiteElo "2123"]
[BlackElo "1900"]
[PlyCount "55"]
[EventDate "2018.04.21"]
[EventType "swiss"]
[EventRounds "7"]
[EventCountry "ITA"]
[SourceTitle "CBM 184 Extra"]
[Source "ChessBase"]
[SourceDate "2018.06.28"]
[SourceVersion "1"]
[SourceVersionDate "2018.06.28"]
[SourceQuality "1"]

1. e4 e5 2. Bc4 Nc6 3. Nf3 Be7 4. d4 exd4 5. Nxd4 Nxd4 6. Qxd4 Nf6 7. e5 d5 8. Bb3 c5 9. Qa4+ Bd7 10. exf6 Bxa4 11. fxg7 Bf6 12. Bxa4+ Ke7 13. gxh8Q Bxh8 14. c3 Qc7 15. 0-0 Rg8 16. Re1+ Kd8 17. Nd2 Qf4 18. Bb3 Qg5 19. g3 Qf5 20. Kg2 h5 21. Nf3 Bf6 22. h4 c4 23. Ba4 Qg4 24. Bg5 Bxg5 25. Nxg5 f6 26. Ne6+ Kc8 27. Nf4 Kc7 28. Nxd5+ 1-0

[Event "ITA-ch qual"]
[Site "Arvier"]
[Date "2009.09.30"]
[Round "5"]
[White "Trifoni, Giorgio"]
[Black "Serrajotto, Marino"]
[Result "0-1"]
[WhiteElo "1639"]
[BlackElo "1733"]
[PlyCount "38"]
[EventDate "2009.09.26"]
[EventType "swiss"]
[EventRounds "9"]
[EventCountry "ITA"]
[SourceTitle "CBM 132 Extra"]
[Source "ChessBase"]
[SourceDate "2009.11.03"]
[SourceVersion "1"]
[SourceVersionDate "2009.11.03"]
[SourceQuality "1"]

1. Nf3 d5 2. d4 Nf6 3. e3 Bf5 4. c4 e6 5. a3 b6 6. cxd5 exd5 7. b4 Bd6 8. Bd3 Ne4 9. Qc2 Bg6 10. Bb5+ Nd7 11. Qc6 Nef6 12. Ne5 Bf5 13. Nc3 0-0 14. Nxd5 Nxe5 15. Nxf6+ Qxf6 16. dxe5 Qxe5 17. Ra2 Be4 18. f4 Qe6 19. Bc4 Bxb4+ 0-1